000 01006nam a2200301Ia 4500
001 50886
003 IT-RoPAU
008 130308s9999 xx 000 0 und d
040 _aIT-RoPAU
040 _cIT-RoPAU
041 _aITALIANO
100 _aPallotta Clelia
100 _gCodice Aut. SPICS: 12827
245 _aSchermo delle mie brame
245 _bIndustria Dello spot (L')-1986
250 _a1a ed.
260 _aMILANO
260 _bComunicare
260 _c1986 [1° Ed.:1986 - Ed.Ling.Originale:1986]
300 _a"6 p. (prefazione: no ; testo: 6 [pagine: 2-7])"
500 _aBreve Storia della PubblicitĂ  e della Televisione dal 1957 al 1986. Dal monopolio al Duopolio. Spettacolo e Codino. investimenti pubblicitari in Italia dal 1979 al 1986. Produzione Originaria. riforma e Rivoluzione. mille Spot. programma Dentro Lo Spot.
650 _aSAGGI DI PUBBLICITA'
650 _eCodice materia Spics: 6211
942 _cBK
957 _71
999 _c48905
_d48905
999 _bSI
999 _g1